000
00276nam a2200109Ia 4500
008
230320s9999||||xx |||||||||||||| ||spa||
082
_a
194/C73
100
_a
Comte
245
0
_a
Curso De FilosofĂa Positiva : Primera Y Segunda Lecciones
260
_b
Aguilar
942
_8
0
_c
LIB
999
_c
26262
_d
26262